Новогодняя елка: книга для чтения на факультетах иностранных языков педагогических институтов (на французском языке)

التفاصيل البيبلوغرافية
المؤلف الرئيسي: Батай М. Мишель
مؤلفون آخرون: Сахарова Н. Ю. (автор предисловия)
الملخص:На фр. яз.
اللغة:الفرنسية
منشور في: Ленинград, Просвещение, 1974
الموضوعات:
التنسيق: MixedMaterials كتاب
KOHA link:https://koha.lib.tpu.ru/cgi-bin/koha/opac-detail.pl?biblionumber=360518

MARC

LEADER 00000nam0a2200000 4500
001 360518
005 20231102011308.0
035 |a (RuTPU)RU\TPU\retro\17844 
090 |a 360518 
100 |a 20210413d1974 m y0rusy50 ca 
101 0 |a fre 
102 |a RU 
105 |a y j 001zy 
200 1 |a Новогодняя елка  |e книга для чтения на факультетах иностранных языков педагогических институтов (на французском языке)  |f М. Батай  |g авт. предисл. Н. Ю. Сахарова  |d L'arbre de Noel 
210 |a Ленинград  |c Просвещение  |d 1974 
215 |a 191 с. 
300 |a На фр. яз. 
320 |a Комментарии: с. 183-190 
510 1 |a L'arbre de Noel  |z fre 
606 1 |a Французский язык  |x Учебные руководства и пособия для вузов  |x Хрестоматии  |2 stltpush  |3 (RuTPU)RU\TPU\subj\16843  |9 42743 
610 1 |a лексика 
610 1 |a книги для чтения 
610 1 |a домашнее чтение 
610 1 |a адаптированные тексты 
610 1 |a французская литература 
610 1 |a проза 
686 |a Ш147.11-923.8  |v LBC/SL-A  |2 rubbk 
700 1 |a Батай  |b М.  |g Мишель 
702 1 |a Сахарова  |b Н. Ю.  |4 080 
801 1 |a RU  |b 63413507  |c 20210413 
801 2 |a RU  |b 63413507  |c 20210520  |g RCR 
942 |c BK